000
00336nam a2200145Ia 4500
100
_a
Roy/K.P/ Hajra Choudhury
942
_c
BK
654
_a
Mechanical
245
_a
Elements Of Mechanical Engineering
260
_b
Asia publishing house
_a
Bombay
_c
1966
082
_a
621.01
_b
ROY
300
_a
367
546
_a
ENGLISH
999
_c
26724
_d
26724